000 00369 a2200169 4500
001 182718
020 _a
040 _cMagnum
100 _aDinis, JĂșlio
240 1 0 _aAs pupilas do senhor reitor
_lpor
245 1 0 _aAs pupilas do senhor reitor
300 _a330
362 0 _a1997
440 1 _aEdiouro
697 _aLITERATURA GERAL ESTRANGEIRA
942 _cBK
999 _c182718
_d182718